| 000 | 00332nam a22001457a 4500 | ||
|---|---|---|---|
| 003 | SGT | ||
| 020 | _a978-1-138-4773-5 | ||
| 082 |
_a615 _bGHE |
||
| 100 | _aGHEBRE, ISAAC | ||
| 245 | _aPHARMACEUTICAL PELLETIZATION TECHNOLOGY | ||
| 260 |
_aUSA _bCRC _c225 |
||
| 300 | _a274 | ||
| 650 | _aPHARMACEUTICAL TECHNOLOGY | ||
| 942 |
_2ddc _cBK |
||
| 999 |
_c33082 _d33082 |
||